[Event "Match"]
[Site "www.echecsemail.com"]
[Date "2017.09.13"]
[Round "1"]
[White "Ssharp"]
[Black "Bojan"]
[WhiteElo "2200"]
[BlackElo "1990"]
[Result "1-0"]
[Round "1"]
1.e4 e5
2.f4 exf4
3.Bf1c4 Ng8f6
4.e5 d5
5.Bc4b3 Bc8g4
6.Ng1f3 Nf6e4
7.O-O Bf8c5
8.d4 Bc5b6
9.c3 Nb8c6
10.Bc1xf4 h6
11.Kh1 g5
12.Bf4c1 Nc6xe5
13.dxe5 c6
14.Qd1e2 Qd8e7
15.Bc1e3 Bb6c7
16.Nb1d2 Bc7xe5
17.Qe2e1 Be5d6
18.Nd2xe4 Qe7xe4
19.Be3d4 Kd7
20.Bd4xh8 Qe4xe1
21.Ra1xe1 Ra8xh8
22.Bb3c2 Bg4h5
23.Nf3d4 a6
24.Nd4f5 Bd6f8
25.Nf5g3 Bh5g6
26.Bc2xg6 fxg6
27.Rf1f7 Kd6
28.Re1e8 { resign }
1-0

[Event "Match"]
[Site "www.echecsemail.com"]
[Date "2017.09.13"]
[Round "1"]
[White "Mitja"]
[Black "Cjood"]
[WhiteElo "2050"]
[BlackElo "2000"]
[Result "0-1"]
[Round "1"]
1.d4 Ng8f6
2.e3 d6
3.c3 b6
4.Nb1d2 e5
5.dxe5 dxe5
6.Nd2b3 Qd8xd1
7.Kxd1 Nf6e4
8.Ke1 f5
9.Ng1f3 Bf8d6
10.Bf1b5 c6
11.Bb5d3 Ne4f6
12.Bd3c2 O-O
13.h3 e4
14.Nf3d4 a5
15.Nb3d2 Bc8d7
16.g4 fxg4
17.hxg4 c5
18.Nd4e2 Nf6xg4
19.Nd2xe4 Bd7f5
20.Bc2b3 Kh8
21.Bb3d5 Bf5xe4
22.Bd5xe4 Ra8a7
23.Bc1d2 h6
24.c4 Ng4xf2
25.Rh1f1 Ra7f7
26.Be4d5 Nf2d3
{ resign }
0-1

[Event "Match"]
[Site "www.echecsemail.com"]
[Date "2017.09.13"]
[Round "1"]
[White "Geodad5"]
[Black "Juodivarnai"]
[WhiteElo "2090"]
[BlackElo "2030"]
[Result "1-0"]
[Round "1"]
1.e4 c5
2.Ng1f3 d6
3.d4 cxd4
4.Nf3xd4 Ng8f6
5.Nb1c3 a6
6.Bf1e2 e5
7.Nd4b3 Bf8e7
8.O-O Bc8e6
9.Bc1e3 O-O
10.h3 Nb8d7
11.Qd1d2 b5
12.Be2d3 Qd8c7
13.Nc3d5 Nf6xd5
14.exd5 Be6xd5
15.Bd3xh7 Kxh7
16.Qd2xd5 Qc7xc2
17.Ra1b1 Nd7f6
18.Qd5f3 Qc2g6
19.Kh2 Kg8
20.Rb1c1 Ra8c8
21.Nb3d2 d5
22.Be3b6 e4
23.Qf3e3 Nf6d7
24.Bb6d4 Be7f6
25.Nd2b3 Bf6xd4
26.Nb3xd4 Nd7f6
27.b3 Nf6d7
28.f4 Qg6d6
29.g3 f5
30.Rc1xc8 Rf8xc8
31.Nd4xf5 Qd6c6
32.Nf5e7 { resign }
1-0

[Event "Match"]
[Site "www.echecsemail.com"]
[Date "2017.09.13"]
[Round "1"]
[White "Bojan"]
[Black "Mitja"]
[WhiteElo "2030"]
[BlackElo "2080"]
[Result "0-1"]
[Round "1"]
1.e4 d5
2.e5 c6
3.d4 h6
4.h3 e6
5.Bc1e3 Ng8e7
6.g4 g5
7.f4 gxf4
8.Be3xf4 Ne7g6
9.Bf4g3 Bf8e7
10.Ng1f3 b6
11.a3 Bc8b7
12.Nb1d2 Be7g5
13.Bf1d3 Ng6h4
14.Qd1e2 Nh4xf3
15.Nd2xf3 Nb8d7
16.Nf3xg5 hxg5
17.Qe2f2 Qd8e7
18.h4 O-O-O
19.O-O-O Rd8f8
20.Kb1 Rf8g8
21.hxg5 Rh8xh1
22.Rd1xh1 Qe7xg5
23.Bd3e2 Rg8f8
24.Bg3h4 Qg5g7
25.Bh4e7 Rf8g8
26.g5 Nd7f8
27.Be2d3 Nf8g6
28.Be7f6 Qg7f8
29.Rh1h6 Ng6e7
30.Qf2h4 Kb8
31.Bd3h7 Ne7f5
32.Qh4h3 Nf5xh6
33.gxh6 Rg8g1
34.Ka2 Bb7a6
35.Bf6g7 Rg1xg7
36.hxg7 Qf8xg7
37.Bh7d3 Ba6xd3
38.Qh3xd3 Kb7
39.c4 dxc4
40.Qd3xc4 c5
41.a4 cxd4
42.Qc4xd4 Qg7f8
43.Qd4d7 Kb8
44.a5 Qf8c5
45.axb6 axb6
46.Qd7e8 Qc5c8
47.Qe8xf7 Qc8c4
48.Ka1 Qc4a4
49.Kb1 Qa4e4
50.Ka1 Qe4xe5
51.Qf7e8 Kb7
52.Qe8d7 Ka6
53.Qd7a4 Qe5a5
{ resign }
0-1

[Event "1/128 Finale"]
[Site "www.chess-mail.com"]
[Date "2017.09.13"]
[Round "1"]
[White "Picifarkinca"]
[Black "Samyaksamadh"]
[WhiteElo "2080"]
[BlackElo "1819"]
[Result "1/2-1/2"]
[Round "1"]
1.Ng1f3 Ng8f6
2.g3 Nb8c6
3.Bf1g2 e5
4.d3 Bf8e7
5.c4 O-O
6.Nb1c3 d5
7.cxd5 Nf6xd5
8.O-O Bc8e6
9.Bc1d2 f5
10.a3 Qd8d7
11.Ra1c1 Ra8d8
12.Nf3g5 Be7xg5
13.Bd2xg5 { draw }
1/2-1/2

[Event "1/64 Finale"]
[Site "www.chess-mail.com"]
[Date "2017.09.13"]
[Round "1"]
[White "Picifarkinca"]
[Black "Guidom"]
[WhiteElo "2080"]
[BlackElo "2130"]
[Result "1/2-1/2"]
[Round "1"]
1.b3 d5
2.Bc1b2 c5
3.e3 Nb8c6
4.Bf1b5 Bc8d7
5.Ng1f3 e6
6.O-O Ng8f6
7.Nb1c3 Bf8d6
8.d4 cxd4
9.exd4 O-O
10.Rf1e1 a6
11.Bb5f1 Qd8c7
12.h3 b5
13.Nc3e2 { draw }
1/2-1/2

[Event "Tourn. n9464"]
[Site "www.chess-mail.com"]
[Date "2017.09.14"]
[Round "1"]
[White "Picifarkinca"]
[Black "Churrasca"]
[WhiteElo "1940"]
[BlackElo "1920"]
[Result "1/2-1/2"]
[Round "1"]
1.b3 e5
2.Bc1b2 Nb8c6
3.g3 d5
4.Bf1g2 Ng8f6
5.e3 Bc8e6
6.Ng1f3 Bf8d6
7.d3 O-O
8.O-O h6
9.Nb1d2 Be6f5
10.a3 Rf8e8
11.Nf3e1 Bf5g4
12.Qd1c1 Bg4e2
13.c4 Be2xf1
14.Nd2xf1 d4
15.exd4 exd4
16.Bg2xc6 bxc6
17.c5 Bd6e5
18.f4 Be5xf4
19.Qc1xf4 Nf6d5
20.Qf4xd4 f6
21.Qd4a4 { draw }
1/2-1/2

[Event "Tourn. n9442"]
[Site "www.chess-mail.com"]
[Date "2017.09.14"]
[Round "1"]
[White "Pachi"]
[Black "Azulmarino"]
[WhiteElo "1620"]
[BlackElo "1600"]
[Result "1/2-1/2"]
[Round "1"]
1.e4 e5
2.Ng1f3 Nb8c6
3.Bf1b5 a6
4.Bb5xc6 dxc6
5.Nf3xe5 f6
6.Ne5g4 Bc8e6
7.e5 fxe5
8.Ng4xe5 Bf8d6
9.Qd1e2 Ng8f6
10.h3 Bd6c5
11.c3 Qd8d5
12.O-O Bc5d6
13.d4 O-O-O
14.f4 Bd6xe5
15.fxe5 Nf6e4
16.b3 Ne4g3
17.Qe2f2 Ng3xf1
18.Qf2xf1 Rh8f8
19.Bc1f4 Qd5e4
20.g3 Be6d5
21.Kf2 Qe4f3
22.Ke1 Bd5e4
23.Nb1d2 Qf3xf1
24.Kxf1 Be4f5
25.h4 Bf5d3
26.Kf2 Bd3f5
27.Ra1e1 Bf5g4
28.e6 Rd8d5
29.e7 Rf8e8
30.b4 b5
31.Nd2b3 Rd5f5
32.Nb3a5 Rf5f7
33.Na5xc6 Kd7
34.d5 Rf7xe7
35.Nc6xe7 Re8xe7
36.Re1xe7 Kxe7
37.Bf4xc7 Bg4f5
38.d6 Kd7
39.Kf3 h5
40.Kf4 g6
41.Ke5 Bf5d3
42.Kf4 Bd3b1
43.a3 Kc6
44.Ke3 Bb1f5
{ draw }
1/2-1/2

[Event "Tourn. n9518"]
[Site "www.chess-mail.com"]
[Date "2017.09.14"]
[Round "1"]
[White "Picifarkinca"]
[Black "Cjood"]
[WhiteElo "2110"]
[BlackElo "2010"]
[Result "1/2-1/2"]
[Round "1"]
1.Ng1f3 d5
2.g3 Ng8f6
3.b3 b6
4.Bf1g2 Bc8b7
5.Bc1b2 e6
6.d3 c5
7.O-O Nb8d7
8.Nb1d2 Bf8e7
9.Nf3e5 Nd7xe5
10.Bb2xe5 O-O
11.Be5b2 Be7d6
12.Nd2f3 d4
13.c3 { draw }
1/2-1/2

[Event "Tourn. n9494"]
[Site "www.chess-mail.com"]
[Date "2017.09.14"]
[Round "1"]
[White "Nulladies"]
[Black "Picifarkinca"]
[WhiteElo "1970"]
[BlackElo "2090"]
[Result "1/2-1/2"]
[Round "1"]
1.d4 e6
2.Bc1f4 d6
3.e3 Nb8d7
4.Ng1f3 g6
5.c3 Bf8g7
6.Nb1d2 Ng8f6
7.Bf1e2 O-O
8.O-O Nf6h5
9.Bf4g3 Nh5xg3
10.hxg3 e5
11.Nd2b3 e4
{ draw }
1/2-1/2

[Event "Tourn. n9499"]
[Site "www.chess-mail.com"]
[Date "2017.09.14"]
[Round "1"]
[White "Orhany24"]
[Black "Picifarkinca"]
[WhiteElo "2090"]
[BlackElo "2080"]
[Result "1/2-1/2"]
[Round "1"]
1.e4 e6
2.d4 d5
3.exd5 exd5
4.Ng1f3 Bf8d6
5.Bf1d3 Bc8g4
6.O-O Ng8e7
7.h3 Bg4f5
8.Rf1e1 Qd8d7
9.Nf3e5 Bd6xe5
10.Bd3xf5 Be5h2
11.Kxh2 Qd7xf5
{ draw }
1/2-1/2

[Event "Tourn. n9507"]
[Site "www.chess-mail.com"]
[Date "2017.09.14"]
[Round "1"]
[White "Guidom"]
[Black "Luban"]
[WhiteElo "2130"]
[BlackElo "2100"]
[Result "1-0"]
[Round "1"]
1.e4 c5
2.Ng1f3 d6
3.d4 cxd4
4.Nf3xd4 Ng8f6
5.Bf1d3 e6
6.O-O a6
7.c3 Bc8d7
8.Bc1g5 Bf8e7
9.Nb1d2 Nb8c6
10.Nd2b3 O-O
11.h3 Qd8c7
12.Kh1 Rf8e8
13.f4 h6
14.Bg5h4 Ra8c8
15.Qd1e2 Nc6xd4
16.Nb3xd4 e5
17.Nd4f5 Bd7xf5
18.exf5 exf4
19.Rf1xf4 Nf6d5
20.Rf4e4 Nd5f4
21.Qe2f3 Nf4xd3
22.Qf3xd3 Be7xh4
23.Re4xh4 f6
24.Ra1d1 Re8e5
25.Qd3xd6 Qc7xd6
26.Rd1xd6 Re5xf5
27.Rd6b6 Rc8c7
28.Rh4b4 Rc7e7
29.Rb6xb7 Re7xb7
30.Rb4xb7 Rf5f1
31.Kh2 Rf1a1
32.a3 Ra1b1
33.c4 Rb1c1
34.b3 Rc1c3
35.Rb7b6 a5
36.Rb6b5 a4
37.Rb5b4 axb3
38.a4 b2
39.Rb4xb2 Rc3xc4
40.Rb2a2 Kf7
41.a5 Ke7
42.a6 Rc4c8
43.a7 Rc8a8
44.Kg3 Kd7
45.Kf4 g6
46.Ra2a6 Ke7
47.g4 Kf7
48.Ke4 Ke7
49.Kd5 Ra8d8
50.Kc6 Rd8d6
51.Kb5 Rd6d5
52.Kc4 { resign }
1-0

[Event "Tourn. n9237"]
[Site "www.chess-mail.com"]
[Date "2017.09.14"]
[Round "1"]
[White "Theos666"]
[Black "Vios"]
[WhiteElo "1410"]
[BlackElo "1199"]
[Result "0-1"]
[Round "1"]
1.c4 e5
2.Nb1c3 Nb8c6
3.Ng1f3 f5
4.e3 Ng8f6
5.b3 g6
6.Bc1b2 Bf8g7
7.Bf1e2 d6
8.Nf3g5 h6
9.Ng5e6 Bc8xe6
10.O-O O-O
11.d4 Be6f7
12.Bb2a3 e4
13.d5 Nc6e5
14.Ra1c1 a6
15.g3 g5
16.f4 exf3
17.Be2xf3 Qd8e7
18.b4 Ne5xc4
19.Nc3b1 Qe7xe3
20.Rf1f2 Nc4xa3
21.Nb1xa3 Qe3xa3
22.Rc1c2 Qa3xb4
23.Rc2b2 Qb4c5
24.Kg2 g4
{ resign }
0-1

[Event "Tourn. n9489"]
[Site "www.chess-mail.com"]
[Date "2017.09.14"]
[Round "1"]
[White "Luban"]
[Black "Ffdd65"]
[WhiteElo "2110"]
[BlackElo "2130"]
[Result "0-1"]
[Round "1"]
1.d4 d5
2.Ng1f3 e6
3.e3 c5
4.c4 cxd4
5.cxd5 dxe3
6.Bc1xe3 exd5
7.a3 Ng8f6
8.Nb1c3 h6
9.Bf1e2 Bf8e7
10.O-O O-O
11.Ra1c1 Bc8e6
12.Nf3d4 a6
13.Nc3a4 b5
14.Nd4xe6 fxe6
15.Na4b6 Ra8a7
16.Nb6xd5 Ra7d7
17.Nd5xe7 Qd8xe7
18.Qd1b3 Qe7f7
19.Be2f3 Nf6d5
20.Be3c5 Rf8c8
21.Rf1d1 Rd7c7
22.Bf3xd5 exd5
23.Qb3xd5 Nb8d7
24.Qd5xf7 Kxf7
25.Bc5e3 Nd7c5
26.Be3xc5 Rc7xc5
27.Rc1xc5 Rc8xc5
28.h3 Ke6
29.Rd1d2 a5
30.Kf1 Rc5d5
31.Rd2xd5 Kxd5
32.b3 Kd4
33.Ke1 Kc3
34.a4 b4
35.Kd1 Kxb3
{ resign }
0-1

[Event "Tourn. n9459"]
[Site "www.chess-mail.com"]
[Date "2017.09.14"]
[Round "1"]
[White "Nulladies"]
[Black "Picifarkinca"]
[WhiteElo "1940"]
[BlackElo "1940"]
[Result "1/2-1/2"]
[Round "1"]
1.d4 e6
2.Bc1f4 d6
3.Ng1f3 Ng8f6
4.Nb1d2 b6
5.e3 Bc8b7
6.Bf1d3 Nb8d7
7.c3 Bf8e7
8.Qd1c2 h6
9.h3 O-O
10.e4 Ra8c8
11.e5 Nf6e8
12.h4 dxe5
13.dxe5 Nd7c5
14.Bd3h7 Kh8
15.O-O-O Rc8b8
16.Bh7e4 Qd8c8
17.g4 Nc5xe4
18.Nd2xe4 f5
19.gxf5 Rf8xf5
20.Qc2d3 Rf5xf4
21.Ne4g5 Be7xg5
22.Nf3xg5 Rf4f5
23.Ng5e4 Rf5xe5
24.Ne4g5 Re5f5
25.f4 Bb7xh1
{ draw }
1/2-1/2

[Event "Tourn. n9499"]
[Site "www.chess-mail.com"]
[Date "2017.09.14"]
[Round "1"]
[White "Picifarkinca"]
[Black "Johnmcbride"]
[WhiteElo "2080"]
[BlackElo "2030"]
[Result "1/2-1/2"]
[Round "1"]
1.Ng1f3 f5
2.d4 e6
3.c3 Ng8f6
4.Bc1g5 Bf8e7
5.Nb1d2 h6
6.Bg5xf6 Be7xf6
7.e4 d5
8.e5 Bf6e7
9.Qd1a4 { draw }
1/2-1/2

[Event "Tourn. n9514"]
[Site "www.chess-mail.com"]
[Date "2017.09.14"]
[Round "1"]
[White "Nulladies"]
[Black "Picifarkinca"]
[WhiteElo "1960"]
[BlackElo "2080"]
[Result "1/2-1/2"]
[Round "1"]
1.d4 e6
2.Nb1c3 d5
3.Bc1f4 a6
4.Ng1f3 Bf8d6
5.Bf4g3 Bd6xg3
6.hxg3 Ng8f6
7.Qd1d3 Bc8d7
{ draw }
1/2-1/2

[Event "Tourn. n9514"]
[Site "www.chess-mail.com"]
[Date "2017.09.14"]
[Round "1"]
[White "Picifarkinca"]
[Black "Griffo30"]
[WhiteElo "2080"]
[BlackElo "2100"]
[Result "1/2-1/2"]
[Round "1"]
1.Ng1f3 Ng8f6
2.c4 g6
3.Nb1c3 Bf8g7
4.e4 d6
5.d4 O-O
6.h3 Nb8d7
7.Bf1e2 c5
8.d5 Rf8e8
9.O-O a6
10.a4 { draw }
1/2-1/2

[Event "Tourn. n9524"]
[Site "www.chess-mail.com"]
[Date "2017.09.14"]
[Round "1"]
[White "Luban"]
[Black "Picifarkinca"]
[WhiteElo "2140"]
[BlackElo "2110"]
[Result "1/2-1/2"]
[Round "1"]
1.d4 e6
2.c4 Ng8f6
3.a3 d5
4.e3 dxc4
5.Bf1xc4 c5
6.Ng1f3 a6
7.Nb1c3 b5
8.Bc4d3 cxd4
9.Nf3xd4 Bc8b7
10.O-O Nb8d7
11.b4 Nd7b6
12.Bc1b2 Bf8e7
13.f3 Nb6d5
14.Nc3xd5 Nf6xd5
15.e4 Nd5e3
{ draw }
1/2-1/2

[Event "Tourn. n9488"]
[Site "www.chess-mail.com"]
[Date "2017.09.14"]
[Round "1"]
[White "Fedallah"]
[Black "Picifarkinca"]
[WhiteElo "2249"]
[BlackElo "2080"]
[Result "1/2-1/2"]
[Round "1"]
1.e4 c6
2.d4 d5
3.Nb1c3 dxe4
4.Nc3xe4 Bc8f5
5.Ne4g3 Bf5g6
6.h4 h6
7.h5 Bg6h7
8.Ng1f3 e6
9.Bf1d3 Bh7xd3
10.Qd1xd3 Nb8d7
11.Bc1f4 Ng8f6
12.O-O-O Nd7b6
13.Rh1e1 Nb6d5
14.Bf4d2 Bf8d6
{ draw }
1/2-1/2

[Event "Tourn. n9472"]
[Site "www.chess-mail.com"]
[Date "2017.09.14"]
[Round "1"]
[White "Picifarkinca"]
[Black "Attatroll"]
[WhiteElo "2000"]
[BlackElo "1990"]
[Result "1/2-1/2"]
[Round "1"]
1.e4 d6
2.d4 Ng8f6
3.f3 g6
4.c4 Bf8g7
5.Nb1c3 O-O
6.Bf1d3 Nb8c6
7.Ng1e2 a6
8.O-O e5
9.d5 Nc6e7
10.Bc1e3 c5
11.Ra1b1 Ra8b8
12.a4 Nf6d7
13.b4 b6
14.Qd1d2 f5
15.Be3f2 cxb4
16.Rb1xb4 Nd7c5
17.Bf2xc5 dxc5
18.Rb4b3 Bc8b7
19.Rf1b1 fxe4
20.Nc3xe4 Ne7f5
21.Rb3xb6 Qd8c7
22.Qd2a5 Rf8c8
23.g4 Nf5h4
24.Kf2 Qc7f7
25.Ne2g1 Rc8f8
26.Bd3e2 { draw }
1/2-1/2

[Event "Tourn. n9448"]
[Site "www.chess-mail.com"]
[Date "2017.09.14"]
[Round "1"]
[White "Cjood"]
[Black "Fabos12"]
[WhiteElo "2140"]
[BlackElo "1950"]
[Result "1-0"]
[Round "1"]
1.c4 e5
2.Nb1c3 f5
3.e3 Ng8f6
4.d3 Bf8b4
5.Qd1c2 d5
6.cxd5 Nf6xd5
7.Bc1d2 Nd5xc3
8.bxc3 Bb4a5
9.Qc2a4 Nb8c6
10.g3 Bc8d7
11.Bf1g2 Ba5b6
12.Ng1e2 Nc6d4
13.Qa4d1 Nd4c6
14.Qd1b3 a5
15.O-O a4
16.Qb3c2 O-O
17.Bg2d5 Kh8
18.Ra1e1 f4
19.exf4 Bd7h3
20.Bd5g2 Bh3xg2
21.Kxg2 Qd8d5
22.Kg1 Bb6c5
23.fxe5 Bc5b6
24.d4 Nc6e7
25.Ne2f4 Qd5c6
26.Qc2e4 Ra8d8
27.Qe4xc6 Ne7xc6
28.Nf4e6 Nc6xd4
29.cxd4 Rd8xd4
30.Ne6xf8 Rd4xd2
31.e6 Rd2d8
32.e7 Rd8e8
33.Re1e4 Kg8
34.Rf1e1 Re8xe7
35.Re4xe7 Kxf8
36.Re7e8 Kf7
37.Re8b8 { resign }
1-0

[Event "Tourn. n9500"]
[Site "www.chess-mail.com"]
[Date "2017.09.14"]
[Round "1"]
[White "Picifarkinca"]
[Black "Cjood"]
[WhiteElo "2080"]
[BlackElo "1900"]
[Result "1/2-1/2"]
[Round "1"]
1.Ng1f3 d5
2.c4 dxc4
3.e4 b5
4.d4 cxd3
5.Qd1xd3 Qd8xd3
6.Bf1xd3 a6
7.O-O Bc8b7
8.Nb1c3 g6
9.Bc1e3 Bf8g7
10.Be3d4 Bg7xd4
11.Nf3xd4 { draw }
1/2-1/2

[Event "Match"]
[Site "www.echecsemail.com"]
[Date "2017.09.14"]
[Round "1"]
[White "Cjood"]
[Black "Caspito"]
[WhiteElo "2010"]
[BlackElo "1910"]
[Result "1-0"]
[Round "1"]
1.Ng1f3 Nb8c6
2.Nb1c3 Ng8f6
3.d3 d5
4.e3 Bc8g4
5.h3 Bg4h5
6.g4 Bh5g6
7.Bf1g2 e6
8.O-O Bf8d6
9.Bc1d2 Qd8d7
10.Qd1e2 h6
11.Nf3h4 O-O-O
12.Nh4xg6 fxg6
13.a3 g5
14.d4 g6
15.b4 h5
16.f3 Bd6g3
17.f4 hxg4
18.hxg4 Rh8h4
19.Rf1f3 Bg3h2
20.Kf1 Nf6xg4
21.Rf3h3 e5
22.Rh3xh4 gxh4
23.Bg2h3 Nc6e7
24.Bh3xg4 Ne7f5
25.Bg4xf5 Qd7xf5
26.Qe2xh2 exd4
27.exd4 g5
28.Bd2e3 h3
29.Ke1 g4
30.Kd2 g3
31.Qh2g1 Rd8g8
32.Nc3e2 g2
33.Qg1h2 Qf5g4
34.Be3f2 Rg8h8
35.Ra1g1 Qg4h5
36.Bf2g3 Qh5f3
37.Ke1 Rh8e8
38.Qh2xh3 Kb8
39.Qh3xg2 Qf3c3
40.Kd1 Qc3a1
41.Kd2 Qa1xa3
42.c3 Qa3a2
43.Kd3 Qa2c4
44.Kd2 Qc4a2
45.Ke1 Qa2c4
46.Qg2f3 b6
47.Kf2 a5
48.bxa5 bxa5
49.f5 a4
50.Rg1a1 Qc4b3
51.Qf3d3 Qb3b2
52.Ra1b1 Re8xe2
53.Qd3xe2 Qb2xb1
54.f6 Qb1f5
55.Qe2f3 Qf5c2
56.Kg1 Qc2c1
57.Kg2 Qc1c2
58.Kh3 Qc2h7
59.Bg3h4 Qh7f7
60.Kg4 a3
61.Qf3d1 Kc8
62.Qd1b3 Qf7f8
63.Qb3xd5 Qf8h6
64.Qd5g8 Kb7
65.f7 Qh6e6
66.Kh5 Qe6d5
67.Bh4g5 Qd5h1
68.Kg6 { resign }
1-0

[Event "Match"]
[Site "www.echecsemail.com"]
[Date "2017.09.14"]
[Round "1"]
[White "Cjood"]
[Black "Raulazo"]
[WhiteElo "1930"]
[BlackElo "1900"]
[Result "1-0"]
[Round "1"]
1.e4 e5
2.Ng1f3 Nb8c6
3.Bf1c4 h6
4.d4 Ng8f6
5.Nf3xe5 Nc6xe5
6.dxe5 Nf6xe4
7.Qd1d5 Bf8b4
8.c3 O-O
9.Qd5xe4 Bb4c5
10.Bc4d3 Rf8e8
11.Qe4h7 Kf8
12.Qh7h8 Ke7
13.Qh8xg7 Re8g8
14.Qg7f6 Ke8
15.Qf6xh6 Qd8e7
16.Bc1f4 d5
17.O-O Bc8e6
18.b4 Bc5b6
19.Nb1d2 Kd7
20.Bf4g3 Rg8h8
21.Qh6f4 c6
22.a4 a5
23.b5 c5
24.Bd3f5 Ra8g8
25.Bf5xe6 fxe6
26.c4 d4
27.Nd2f3 Rg8f8
28.Qf4e4 Kd8
29.Bg3h4 Rh8xh4
30.Nf3xh4 Rf8h8
31.Nh4g6 Qe7h7
32.h4 Kc7
33.g3 Rh8g8
34.Ra1e1 Rg8xg6
35.Kh2 Kc8
36.f4 Qh7g7
37.Rf1g1 Bb6d8
38.h5 Rg6h6
39.g4 Bd8h4
40.Re1f1 Qg7d7
41.Kh3 Bh4d8
42.f5 d3
43.f6 d2
44.Rf1d1 Bd8xf6
45.exf6 Rh6xf6
46.g5 e5
47.Kh2 Rf6f2
48.Rg1g2 Qd7f7
49.Rd1xd2 Rf2f4
50.Qe4xe5 Rf4f5
51.Qe5h8 Kc7
52.Qh8d8 
1-0

[Event "Match"]
[Site "www.echecsemail.com"]
[Date "2017.09.14"]
[Round "1"]
[White "Chapi"]
[Black "Pinehill"]
[WhiteElo "2160"]
[BlackElo "2060"]
[Result "1/2-1/2"]
[Round "1"]
1.d4 Ng8f6
2.c4 e6
3.Nb1c3 Bf8b4
4.Bc1d2 O-O
5.a3 Bb4xc3
6.Bd2xc3 d5
7.e3 Nb8d7
8.Ng1f3 c5
9.b4 Nf6e4
10.Bc3b2 b6
11.Bf1d3 f5
12.dxc5 bxc5
13.Nf3e5 Nd7f6
14.f3 Ne4g5
15.h4 Ng5f7
16.g4 Bc8b7
17.gxf5 d4
18.Ne5xf7 Rf8xf7
19.fxe6 Rf7e7
20.Bd3f5 Qd8d6
21.Qd1d2 Qd6g3
22.Qd2f2 Qg3xf3
23.Qf2xf3 Bb7xf3
24.Rh1f1 Bf3e4
25.Bf5xe4 Nf6xe4
26.exd4 cxd4
27.Bb2xd4 Re7xe6
28.O-O-O Ne4g3
29.Rf1f2 a5
30.Kb2 axb4
31.axb4 Re6a6
32.Kb1 Ng3e4
33.Rf2g2 g6
34.Rg2g4 Ne4f2
35.Rg4xg6 Ra6xg6
36.Bd4xf2 Rg6g2
37.Rd1g1 Rg2xg1
38.Bf2xg1 Ra8e8
39.Kc2 Re8e4
40.Kd3 Re4xh4
41.b5 Rh4h1
42.Bg1a7 Kf7
43.b6 Rh1b1
44.c5 Ke6
45.c6 Kd6
46.b7 Kxc6
{ draw }
1/2-1/2

[Event "Match"]
[Site "www.echecsemail.com"]
[Date "2017.09.14"]
[Round "1"]
[White "Blackygrey"]
[Black "Hundegana"]
[WhiteElo "1499"]
[BlackElo "2070"]
[Result "1-0"]
[Round "1"]
1.e4 Nb8c6
2.d4 e6
3.c4 Ng8f6
4.e5 Nf6g8
5.Ng1f3 d6
6.Nb1c3 dxe5
7.d5 exd5
8.cxd5 Nc6b4
9.a3 e4
10.Nf3g5 Nb4d3
11.Bf1xd3 exd3
12.Qd1xd3 h6
13.Ng5f3 Qd8e7
14.Bc1e3 Bc8d7
15.Nc3b5 Qe7d8
16.Be3f4 Bd7xb5
17.Qd3xb5 Qd8d7
18.Qb5xb7 Qd7c8
19.Qb7c6 Kd8
20.Bf4xc7 Qc8xc7
21.Qc6xa8 Qc7c8
22.Qa8xa7 Ng8f6
23.Qa7xf7 Bf8c5
24.O-O Qc8d7
25.Nf3e5 Qd7c7
26.Qf7e6 Rh8f8
27.Ne5c6 Qc7xc6
28.Qe6xc6 Bc5d4
29.Qc6d6 Nf6d7
30.Ra1c1 Bd4xb2
31.Qd6c7 Ke7
32.Rf1e1 Kf7
33.Qc7xd7 Kg8
34.Rc1c7 h5
35.Re1e7 Bb2d4
36.Re7xg7 Kh8
37.Rg7h7 Kg8
38.Qd7g7 Bd4xg7
39.Rc7xg7 
1-0

[Event "Match"]
[Site "www.echecsemail.com"]
[Date "2017.09.14"]
[Round "1"]
[White "Fangshuo"]
[Black "Cjood"]
[WhiteElo "2040"]
[BlackElo "1820"]
[Result "1-0"]
[Round "1"]
1.e4 g6
2.Ng1f3 b6
3.Bf1c4 e6
4.d4 Bf8g7
5.Bc1g5 Bg7f6
6.Bg5xf6 Ng8xf6
7.e5 Nf6d5
8.Bc4xd5 exd5
9.Qd1d2 Nb8c6
10.Qd2h6 Ke7
11.Nb1c3 Qd8g8
12.Nc3xd5 Kd8
13.Nd5f6 Qg8f8
14.Qh6h4 Qf8b4
15.c3 Qb4xb2
16.Nf6d5 Ke8
17.Nd5xc7 Kf8
18.O-O Ra8b8
19.d5 Nc6xe5
20.Nf3xe5 Qb2xc3
21.Qh4f6 Kg8
22.Qf6xf7 { resign }
1-0

[Event "Fast Game"]
[Site "www.echecsemail.com"]
[Date "2017.09.14"]
[Round "1"]
[White "Fabos12"]
[Black "Picifarkinca"]
[WhiteElo "1759"]
[BlackElo "1940"]
[Result "1/2-1/2"]
[Round "1"]
1.d4 e6
2.c4 Ng8f6
3.Bc1g5 Bf8e7
4.Bg5xf6 Be7xf6
5.Nb1c3 d5
6.cxd5 exd5
7.e3 O-O
8.Bf1d3 c6
9.Ng1e2 h6
10.Qd1c2 Nb8d7
11.O-O-O Rf8e8
12.g4 Bf6h4
13.Ne2g3 Nd7f8
14.h3 Bh4xg3
15.fxg3 Qd8c7
16.Qc2f2 Qc7e7
17.Rd1e1 Bc8e6
18.e4 dxe4
19.Re1xe4 Qe7d7
20.Rh1e1 Ra8d8
21.Nc3e2 Nf8g6
22.Ne2f4 Ng6f8
23.b3 Be6d5
24.Re4xe8 Rd8xe8
25.Re1xe8 Qd7xe8
26.Nf4xd5 cxd5
27.Qf2f5 Qe8e6
28.Kd2 g6
29.Qf5f4 Kg7
{ draw }
1/2-1/2

[Event "Tourn. n9461"]
[Site "www.chess-mail.com"]
[Date "2017.09.15"]
[Round "1"]
[White "Picifarkinca"]
[Black "Falcoale"]
[WhiteElo "1910"]
[BlackElo "2100"]
[Result "1/2-1/2"]
[Round "1"]
1.b4 e6
2.Bc1b2 b6
3.b5 Ng8f6
4.Ng1f3 Bc8b7
5.d3 d5
6.Nb1d2 Nb8d7
7.e3 Bf8e7
8.g3 O-O
9.Bf1g2 Nd7c5
10.a4 a6
11.O-O c6
12.d4 Nc5d7
13.c4 axb5
14.cxb5 c5
15.Qd1e2 c4
16.Qe2d1 Be7b4
17.Qd1c2 Ra8c8
18.Bb2c3 Bb4e7
19.Rf1e1 Nf6e4
20.Nd2xe4 dxe4
21.Nf3e5 Nd7xe5
22.dxe5 f5
23.Re1d1 Bb7d5
24.a5 { draw }
1/2-1/2

[Event "Tourn. n9495"]
[Site "www.chess-mail.com"]
[Date "2017.09.15"]
[Round "1"]
[White "Falcoale"]
[Black "Picifarkinca"]
[WhiteElo "2040"]
[BlackElo "2080"]
[Result "1/2-1/2"]
[Round "1"]
1.e4 e6
2.d4 d5
3.e5 c5
4.c3 Qd8b6
5.Ng1f3 Bc8d7
6.Bf1e2 Bd7b5
7.O-O Bb5xe2
8.Qd1xe2 Nb8c6
9.Rf1d1 Ra8c8
10.b3 Ng8e7
11.Bc1e3 Ne7f5
{ draw }
1/2-1/2

[Event "Tourn. n9453"]
[Site "www.chess-mail.com"]
[Date "2017.09.15"]
[Round "1"]
[White "Osopanda"]
[Black "Vios"]
[WhiteElo "1660"]
[BlackElo "1559"]
[Result "0-1"]
[Round "1"]
1.e4 c6
2.Ng1f3 d5
3.exd5 cxd5
4.d4 Ng8f6
5.Bf1d3 Nb8c6
6.O-O Bc8g4
7.Bc1g5 e6
8.c3 Bf8e7
9.Nb1d2 O-O
10.h3 Bg4h5
11.g4 Bh5g6
12.Bd3xg6 hxg6
13.Qd1c2 Ra8c8
14.Ra1d1 a6
15.Nf3e5 Nc6xd4
16.Qc2d3 Nd4c6
17.Ne5xc6 Rc8xc6
18.f4 Nf6d7
19.Nd2f3 Nd7c5
20.Qd3e3 Nc5e4
21.Bg5xe7 Qd8xe7
22.Nf3e5 Rc6c7
23.f5 Qe7f6
24.fxg6 Qf6xe5
25.gxf7 Rc7xf7
26.Rf1xf7 Rf8xf7
27.Rd1d4 Rf7f2
{ resign }
0-1

[Event "Tourn. n9493"]
[Site "www.chess-mail.com"]
[Date "2017.09.15"]
[Round "1"]
[White "Picifarkinca"]
[Black "Ditto"]
[WhiteElo "2090"]
[BlackElo "1870"]
[Result "1/2-1/2"]
[Round "1"]
1.Ng1f3 d5
2.b3 Nb8c6
3.Bc1b2 Bc8g4
4.Nf3e5 Nc6xe5
5.Bb2xe5 e6
6.g3 Ng8e7
7.Be5b2 Ne7f5
8.Bf1g2 Bf8c5
9.O-O O-O
10.d3 c6
11.Nb1d2 Qd8e7
12.Nd2f3 { draw }
1/2-1/2

[Event "Tourn. n9451"]
[Site "www.chess-mail.com"]
[Date "2017.09.15"]
[Round "1"]
[White "Picifarkinca"]
[Black "Ditto"]
[WhiteElo "1940"]
[BlackElo "1860"]
[Result "1/2-1/2"]
[Round "1"]
1.b4 e5
2.Bc1b2 Nb8c6
3.b5 Nc6b8
4.Bb2xe5 Bf8c5
5.Be5xg7 Qd8h4
6.g3 Qh4e4
7.Ng1f3 d6
8.Nb1c3 Qe4g6
9.Bg7xh8 f6
10.Bf1g2 Nb8d7
11.d3 Bc5b4
12.Kd2 Ng8e7
13.e4 Qg6g8
14.Bh8xf6 Nd7xf6
15.Qd1b1 Bb4c5
16.Nc3d1 Bc8d7
17.a4 Bd7g4
18.Nd1e3 Bg4h5
19.Qb1b2 Qg8g7
20.Nf3d4 Qg7h6
21.f4 Nf6d7
22.Ne3f5 Ne7xf5
23.Nd4xf5 Qh6g6
24.Qb2h8 Nd7f8
25.Nf5g7 { draw }
1/2-1/2

[Event "Tourn. n9510"]
[Site "www.chess-mail.com"]
[Date "2017.09.15"]
[Round "1"]
[White "Picifarkinca"]
[Black "Falcoale"]
[WhiteElo "2080"]
[BlackElo "1990"]
[Result "1/2-1/2"]
[Round "1"]
1.b3 Ng8f6
2.Bc1b2 e6
3.c4 b6
4.Ng1f3 Bc8b7
5.g3 Bf8e7
6.Nb1c3 O-O
7.Bf1g2 Nb8c6
8.O-O Nc6d4
9.Nf3xd4 Bb7xg2
10.Kxg2 Qd8b8
11.f3 { draw }
1/2-1/2

[Event "Tourn. n9466"]
[Site "www.chess-mail.com"]
[Date "2017.09.15"]
[Round "1"]
[White "Ffdd65"]
[Black "Jesmantiz"]
[WhiteElo "2100"]
[BlackElo "2190"]
[Result "0-1"]
[Round "1"]
1.e4 d6
2.d4 c6
3.Ng1f3 g6
4.Bf1e2 Bf8g7
5.Be2c4 h6
6.O-O e6
7.e5 d5
8.Bc4d3 Ng8e7
9.Bc1e3 Nb8d7
10.Nb1d2 c5
11.c3 c4
12.Bd3c2 Ne7f5
13.Bc2xf5 exf5
14.b3 b5
15.a4 g5
16.Nd2b1 g4
17.Nf3e1 bxa4
18.bxc4 Nd7b6
19.cxd5 Qd8xd5
20.Nb1d2 Bc8a6
21.Ne1d3 Ba6xd3
22.Rf1e1 Bd3b5
23.f3 h5
24.h4 gxh3
25.gxh3 Bg7h6
26.Be3xh6 Rh8xh6
27.Kf2 Ke7
28.Re1g1 Ra8c8
29.Ra1a3 Nb6c4
30.Nd2xc4 Rc8xc4
31.Qd1d2 Rc4c6
32.Qd2g5 Kd7
33.Qg5xf5 Qd5e6
34.Qf5f4 Rh6g6
35.Rg1g3 Qe6c4
36.Ra3a1 Qc4e2
37.Kg1 Rg6xg3
38.Qf4xg3 Rc6g6
{ resign }
0-1